banner-ar

دول حوض النيل بين الاستثمار و الاستغلال و الصراع / (Record no. 61641)

MARC details
000 -الفاتح
حقل البيانات ثابتة الطول 00957nam a22002417a 4500
005 - وقت وتاريخ اخر تعامل مع التسجيلة
رقم الضبط 20240530110509.0
008 - عناصر البيانات ثابتة الطول - معلومات عامة
حقل البيانات ثابتة الطول 151026s2011 ua abo f 000 0 ara d
017 ## - رقم الايداع القانونى
رقم الايداع القانونى 2011/8840
المصدر ( الهيئة المختصة) مصر . دار الكتب المصرية
040 ## - مصدر الفهرسة
وكالة الفهرسة الأصلية EG-CaGPL
082 04 - رقم تصنيف ديوى العشرى
رقم الطبعة 21
رقم التصنيف 333.91
رقم المادة ق/ن د
100 0# - المدخل الرئيسى - إسم شخصى
الإسم الشخصى نادر نور الدين محمد
245 10 - بيان العنوان
العنوان دول حوض النيل بين الاستثمار و الاستغلال و الصراع /
بيان المسئوليه,etc نادر نور الدين محمد
250 ## - بيان الطبعة
بيان الطبعة ط1
260 ## - PUBLICATION, DISTRIBUTION, ETC. (IMPRINT)
تاريخ النشر أو التوزيع 2011 .
300 ## - الوصف المادى
التعداد 176 ص :
تفاصيل ماديه اخرى للوعاء خرائط ، صور ؛
أبعاد الوعاء 24 سم .
650 04 - المدخل الاضافى بالموضوع-مصطلح موضوعى
مصطلح موضوعي نهر النيل
التقسيم الفرعي العام الاحوال الاقتصادية
650 04 - المدخل الاضافى بالموضوع-مصطلح موضوعى
مصطلح موضوعي نهر النيل
التقسيم الفرعي العام الصراع
650 04 - المدخل الاضافى بالموضوع-مصطلح موضوعى
مصطلح موضوعي نهر النيل
التقسيم الفرعي العام الاستثمار
650 04 - المدخل الاضافى بالموضوع-مصطلح موضوعى
مصطلح موضوعي المياة
التقسيم الفرعي العام اقتصاديات
650 04 - المدخل الاضافى بالموضوع-مصطلح موضوعى
مصطلح موضوعي حق المياة
942 ## - عناصر المدخل الإضافي( كوها)
مصدر التصنيف او مخطط الترفيف Dewey Decimal Classification
Koha [default] item type كتاب
260 ## - PUBLICATION, DISTRIBUTION, ETC. (IMPRINT)
-- القاهرة :
-- مكتبة جزيرة الورد ،
Holdings
حالة التراجع حالة الفقد حالة تلف ليس للاعارة المكان المؤقت الموقع الحالى تاريخ الاكتساب اجمالي اﻻعارات رقم الطلب الباركود تاريخ اخر مشاهدة تاريخ تفعيل السعر نوع وعاء كوها
        مكتبة القاهرة الكبرى مكتبة القاهرة الكبرى 10/26/2015   333.91 ق/ن د 160988 10/26/2015 10/26/2015 كتاب

Powered By

EGPV